书目信息 |
| 题名: |
中外著名发酵食品生产工艺手册
|
|
| 作者: | 康明官 | |
| 分册: | ||
| 出版信息: | 北京 化学工业出版社 1997 |
|
| 页数: | 315 | |
| 开本: | 19cm | |
| 丛书名: | ||
| 单 册: | ||
| 中图分类: | TS205.5 | |
| 科图分类: | ||
| 主题词: | 食品工业 | |
| 电子资源: | ||
| ISBN: | 7-5025-1812-6 | |
| 000 | 00556nam0 2200181 450 | |
| 001 | 0741144344 | |
| 005 | 20070817112544.34 | |
| 010 | @a7-5025-1812-6@d¥16.00 | |
| 100 | @a20070817d km y0chiy0120 ea | |
| 101 | 0 | @achi |
| 200 | 1 | @a中外著名发酵食品生产工艺手册@Azhong wai zhu ming fa jiao shi pin sheng chan gong yi shou ce@f康明官@Fkang ming guan |
| 210 | @a北京@c化学工业出版社@d1997 | |
| 215 | @a315@d19cm | |
| 606 | 0 | @a食品工业 |
| 690 | @aTS205.5@v3 | |
| 701 | 0 | @a康明官@Akang ming guan |
| 801 | 0 | @aCN@bPFT@c20070817 |
| 905 | @a213230@dTS205.5@en1@f1 | |
| 中外著名发酵食品生产工艺手册/康明官.-北京:化学工业出版社,1997 |
| 315;19cm |
| ISBN 7-5025-1812-6:¥16.00 |
| ● |
| 相关链接 |
|
|
|
|
正题名:中外著名发酵食品生产工艺手册
索取号:TS205.5/n1
 
预约/预借
| 序号 | 登录号 | 条形码 | 馆藏地/架位号 | 状态 | 备注 |
| 1 | 6600755 | 266007554 | 密集书库-生命科学系/ [索取号:TS205.5/n1] | 在馆 |